| 000 | 01572ncm a2200493 c 4500 | ||
|---|---|---|---|
| 003 | BLK | ||
| 005 | 20250330004129.0 | ||
| 008 | 180414b bul |a|er|||| |0| c|bulo| | ||
| 010 | _aNOT00002007000 | ||
| 040 | _aBLK | ||
| 041 |
_aDEU _cDEU |
||
| 080 |
_aМузика за пиано _b786.2 _x _z786.2 |
||
| 100 |
_aLiszt, Ferenc _d1811-1886 _9387693 |
||
| 700 |
_aЛист, Ференц _d1811 - 1886 _9376440 |
||
| 700 | 1 |
_aSauer, Emil von _ehrsg. von _9388767 |
|
| 139 |
_aLiszt, Ferenc _bL 80 |
||
| 245 | 1 | 0 |
_aWerke fur Klavier zu [zwei] 2 Handen _bTeil 1 - 12 За том: Etudes d`execution transcendante _cFerenc Liszt; * Ференц Лист; hrsg. von Emil von Sauer. _nB. 3 _pEtuden |
| 257 | _aDEU | ||
| 260 |
_аLeipzig _bPeters _c1957 - |
||
| 300 | _c30 см | ||
| 380 | _a7 | ||
| 505 | _tPreludio | ||
| 505 | _tNr.2 Molto vivace | ||
| 505 | _tPaysage | ||
| 505 | _tMazeppa | ||
| 505 | _tFeux follets | ||
| 505 | _tVisison | ||
| 505 | _tEroica | ||
| 505 | _tWilde Jagd | ||
| 505 | _tRicordanza | ||
| 505 |
_gAllegro agitato molto _tNr.10 |
||
| 505 | _tHarmonies du soir | ||
| 505 | _tChasse neige | ||
| 650 | 0 |
_aПиано - етюди _9353307 |
|
| 653 | _aпиано | ||
| 653 | _aконцертни етюди | ||
| 760 | 1 |
_3на том/Т.3./ _aLiszt, Ferenc _c112 с. _dLeipzig, Peters 3600c, 1957 _h112 с. _oЧаст: Teil. 1. _tB. 3 Etuden |
|
| 852 |
_aЦб М ІІ 2902 _p12 |
||
| 856 | 4 |
_qpdf _u |
|
| 856 | 4 |
_qpdf _u |
|
| 942 |
_cNOT _n0 _01 |
||
| 944 |
_aCR _c06.11.2006 _k _lCRON CRON |
||
| 944 |
_aED _c01.09.2010 _k |
||
| 999 |
_c307815 _d307815 |
||